00429nam a2200181Ia 4500003000400000005001700004008004100021040000700062041000800069082002100077100001000098245005200108260001600160300001100176365001300187650003100200650001600231OSt20230615114641.0210423s1971 xx 000 0 und d cAL aeng a361.3 223bIGNR aIGNOU aRoles and expectations in social work practicum bIgnouc1971 a58bHB b116cINR aSocial Problems & Services aSocial Work